| 000 | 00358nam a2200145Ia 4500 | ||
|---|---|---|---|
| 008 | 230312s9999||||xx |||||||||||||| ||und|| | ||
| 020 | _a1305107160 | ||
| 082 |
_a005.446 _bECK-C |
||
| 100 | _aNegus,Christopher | ||
| 245 | 0 | _aLinux Bible Linux bible | |
| 260 |
_bCengage _aUSA _c2016 |
||
| 300 | _a740 | ||
| 650 |
_aComputer _vOperating Systems |
||
| 942 | _cBK | ||
| 999 |
_c16479 _d16479 |
||